000
00281nam a2200121Ia 4500
008
220216s9999 xx 000 0 und d
100
_a
Palmer
_n
Sydney
245
0
_a
Rubber in the post-war period
260
_b
Planter
_c
1953
300
_a
232-234
650
_a
Rubber
942
_c
JS
999
_c
67704
_d
67704